000 00370nam a2200157Ia 4500
008 151213s9999 xx 000 0 und d
100 _aPeter Nrton
245 _aIntroduction To Computer
_cPeter Nrton
250 _a3rd
260 _bMcGraw hill
_c2000 - 01
300 _a1534 p.
650 _aComputer
650 _aComputer
700 _aPeter Nrton
999 _c1186
_d1186